header

Electronic devices and circuit theory / (Record no. 251461)

MARC details
000 -LEADER
fixed length control field 00832pam a2200277 a 4500
001 - CONTROL NUMBER
control field 2406213
003 - CONTROL NUMBER IDENTIFIER
control field OSt
005 - DATE AND TIME OF LATEST TRANSACTION
control field 20151123101201.0
008 - FIXED-LENGTH DATA ELEMENTS--GENERAL INFORMATION
fixed length control field 860827s1987 njua 001 0 eng
010 ## - LIBRARY OF CONGRESS CONTROL NUMBER
LC control number 86022661
020 ## - INTERNATIONAL STANDARD BOOK NUMBER
International Standard Book Number 0132505568
040 ## - CATALOGING SOURCE
Original cataloging agency DLC
Transcribing agency DLC
Modifying agency DLC
050 00 - LIBRARY OF CONGRESS CALL NUMBER
Classification number TK7867
Item number .B66 1987
082 00 - DEWEY DECIMAL CLASSIFICATION NUMBER
Classification number 621.38
Edition number 19
100 1# - MAIN ENTRY--PERSONAL NAME
Personal name Boylestad, Robert L.
245 10 - TITLE STATEMENT
Title Electronic devices and circuit theory /
Statement of responsibility, etc Robert Boylestad, Louis Nashelsky.
250 ## - EDITION STATEMENT
Edition statement 4th ed.
260 ## - PUBLICATION, DISTRIBUTION, ETC. (IMPRINT)
Place of publication, distribution, etc Englewood Cliffs, NJ :
Name of publisher, distributor, etc Prentice-Hall,
Date of publication, distribution, etc c1987.
300 ## - PHYSICAL DESCRIPTION
Extent xx, 803 p. :
Other physical details ill. (some col.) ;
Dimensions 25 cm.
500 ## - GENERAL NOTE
General note Includes index.
650 #0 - SUBJECT ADDED ENTRY--TOPICAL TERM
Topical term or geographic name as entry element Electronic circuits.
Topical term or geographic name as entry element Electronic apparatus and appliances.
700 1# - ADDED ENTRY--PERSONAL NAME
Personal name Nashelsky, Louis.
906 ## - LOCAL DATA ELEMENT F, LDF (RLIN)
a 7
b cbc
c orignew
d 1
e ocip
f 19
g y-gencatlg
942 ## - ADDED ENTRY ELEMENTS (KOHA)
Source of classification or shelving scheme Library of Congress Classification
Koha item type Long Loan Books
Holdings
Withdrawn status Lost status Source of classification or shelving scheme Damaged status Not for loan Collection code Home library Current library Shelving location Date acquired Total Checkouts Full call number Barcode Date last seen Date checked out Price effective from Koha item type
    Library of Congress Classification     Non-fiction Rongo University Library Rongo University Library General Stacks 23/11/2015 3 TK7867 .B66 1987 20154788 10/07/2018 25/06/2018 23/11/2015 Long Loan Books

© 2026 Rongo University
Contact us: librarian | system librarian | Rongo university